Hỏi đáp luật doanh nghiệp nhà nước /

Những quy định chung; Thành lập mới và đăng ký kinh doanh doanh nghiệp nhà nước; Quyền và nghĩa vụ của công ty nhà nước..

Gardado en:
Detalles Bibliográficos
Autor Principal: Nguyễn Thanh Vân.
Formato: Libro
Idioma:Vietnamese
Publicado: Hà Nội : Thống kê, 2004.
Những chủ đề:
Các nhãn: Engadir etiqueta
Sen Etiquetas, Sexa o primeiro en etiquetar este rexistro!
Thư viện lưu trữ: Mạng thư viện Đại học Đà Nẵng
LEADER 01309cam a2200373 a 4500
001 000044546
003 2947
005 20060427093722.0
008 010220b2004 vm 000 vie
020 |c 25000 
040 |a LRC  |c LRC  |d LRC 
041 0 |a vie 
082 1 4 |a 343.59707  |b NG-V 
100 1 |a Nguyễn Thanh Vân. 
245 1 0 |a Hỏi đáp luật doanh nghiệp nhà nước /  |c Nguyễn Thanh Vân. 
260 |a Hà Nội :  |b Thống kê,  |c 2004. 
300 |a 198 tr. ;  |c 20,5 cm. 
520 3 |a Những quy định chung; Thành lập mới và đăng ký kinh doanh doanh nghiệp nhà nước; Quyền và nghĩa vụ của công ty nhà nước.. 
630 0 4 |a Pháp luật. 
630 0 4 |a Doanh nghiệp. 
630 0 4 |a Nhà nước. 
650 0 4 |a Luật doanh nghiệp  |x Nhà nước. 
OWN |a DUT 
AVA |a UDN50  |b DUT  |c Book  |d 343.59707 NG-V  |e available  |t Error 5001 Not defined in file expand_doc_bib_avail.  |f 3  |g 0  |h N  |i 0  |j SH  |k 1 
999 |a From the UDN01 
AVA |a UDN50  |b DUT  |c Book  |d 343.59707 NG-V  |e available  |t Error 5001 Not defined in file expand_doc_bib_avail.  |f 3  |g 0  |h N  |i 0  |j SH  |k 1 
TYP |a Monograph 
TYP |a Printed language 
980 |a Mạng thư viện Đại học Đà Nẵng